Técnicas de bioquímica y biología molecular / David Freifelder (Registro nro. 15451)
[ vista simple ]
| 000 -LÍDER | |
|---|---|
| fixed length control field | 00497nam a2200157 4500 |
| 008 - ELEMENTOS DE LONGITUD FIJA -- INFORMACIÓN GENERAL | |
| fixed length control field | 0 1991 0a 000 0ESP |
| 020 ## - NÚMERO INTERNACIONAL NORMALIZADO PARA LIBROS | |
| ISBN | 84-291-1819-5 |
| 050 ## - SIGNATURA TOPOGRAFICA DE LA BIBLIOTECA DEL CONGRESO (LC) | |
| Número de Clasificación | QP519.7 F75 1991 |
| 082 ## - NUMERO DE CLASIFICACION DECIMAL DEWEY | |
| Número de Clasificación | 574.7 F882t |
| 100 ## - ASIENTO PRINCIPAL--NOMBRE PERSONAL | |
| Nombre personal | Freifelder, David |
| 245 ## - TÍTULO | |
| Título | Técnicas de bioquímica y biología molecular / David Freifelder |
| 260 ## - PUBLICACIÓN, DISTRIBUCIÓN, ETC. (PIE DE IMPRENTA) | |
| Lugar de publicación, distribución, etc. | España : Reverté |
| 300 ## - DESCRIPCIÓN FÍSICA | |
| Extensión | x, 631 p. / 22 cm. |
| 440 ## - | |
| -- | Serie de biología fundamental |
| 650 ## - ASIENTO SECUNDARIO DE MATERIA - TERMINO TEMÁTICO | |
| Término temático o nombre geográfico como elemento de entrada | 1.BIOQUIMICA FISICA \ 2.BIOLOGIA MOLECULAR |
| No. biblioteca | No. biblioteca | Número de clasificación | Código de barras/Número de adquisición | Número de copia | Tipo de material |
|---|---|---|---|---|---|
| LUIS G. INCLAN | LUIS G. INCLAN | 574.7 F882t | 40586 | 1 | Libros |
| LUIS G. INCLAN | LUIS G. INCLAN | 574.7 F882t | 40587 | 2 | Libros |
| LUIS G. INCLAN | LUIS G. INCLAN | 574.7 F882t | 40588 | 3 | Libros |
| LUIS G. INCLAN | LUIS G. INCLAN | 574.7 F882t | 40589 | 4 | Libros |
| LUIS G. INCLAN | LUIS G. INCLAN | 574.7 F882t | 40590 | 5 | Libros |
| LUIS G. INCLAN | LUIS G. INCLAN | 574.7 F882t | 42933 | 6 | Libros |
